Perspectiva de una nueva crisis económica mundial y estudio sobre las posibles soluciones tendentes a evitarla / (Record no. 108451)
[ view plain ]
| 000 -LEADER | |
|---|---|
| campo de control de longitud fija | 00517nam a2200157 4500 |
| 001 - NÚMERO DE CONTROL | |
| campo de control | 108451 |
| 003 - IDENTIFICADOR DE NÚMERO DE CONTROL | |
| campo de control | ES-MaACL |
| 005 - FECHA Y HORA DE LA ÚLTIMA TRANSACCIÓN | |
| campo de control | 20230906184638.0 |
| 007 - CAMPO FIJO DE DESCRIPCIÓN FÍSICA--INFORMACIÓN GENERAL | |
| campo de control de longitud fija | t| |
| 008 - DATOS DE LONGITUD FIJA--INFORMACIÓN GENERAL | |
| campo de control de longitud fija | 061121s1951 uy r ||||1| spa d |
| 100 1# - ENTRADA PRINCIPAL--NOMBRE DE PERSONA | |
| Nombre de persona | Montero Laviz, Angel. |
| 9 (RLIN) | 82528 |
| 245 10 - MENCIÓN DEL TÍTULO | |
| Título | Perspectiva de una nueva crisis económica mundial y estudio sobre las posibles soluciones tendentes a evitarla / |
| Mención de responsabilidad, etc. | Angel Montero Laviz. |
| 260 ## - PUBLICACIÓN, DISTRIBUCIÓN, ETC. | |
| Lugar de publicación, distribución, etc. | [Montevideo : |
| Nombre del editor, distribuidor, etc. | Medina, |
| Fecha de publicación, distribución, etc. | 1951] |
| 300 ## - DESCRIPCIÓN FÍSICA | |
| Extensión | 262 p. ; |
| Dimensiones | 20 cm. |
| 852 ## - LOCALIZACIÓN | |
| Ubicación | ES-MaACL |
| Número de control de estantería | D-6333 |
| Sublocalización o colección | R.31965 |
| Estatus retirado | Estado de pérdida | Estado de daño | No para préstamo | Biblioteca de origen | Biblioteca actual | Ubicación en estantería | Fecha de adquisición | Fuente de adquisición | Total de préstamos | Signatura topográfica completa | Código de barras | Visto por última vez | Precio de reemplazo | Tipo de ítem Koha |
|---|---|---|---|---|---|---|---|---|---|---|---|---|---|---|
| Biblioteca del Ateneo de Madrid | Biblioteca del Ateneo de Madrid | Sala Valle Inclán | 17/01/2008 | D-6333 | 901113166 | 23/02/2023 | 23/02/2023 | Libro impreso |
